| 000 | 02723cam a22003371i 4500 | ||
|---|---|---|---|
| 003 | SA-RiAUC | ||
| 005 | 20241006142742.0 | ||
| 008 | 241003s1979 le g b 000 0bara c | ||
| 040 |
_aSA-MuMU _bara _cSA-RiAUC _erda |
||
| 082 | 0 | 4 |
_a928.1 _qSA-RiAUC |
| 090 |
_a928.1 _b ج ب و |
||
| 100 | 1 |
_aجبور، جبرائيل سليمان، _d1900-1991 _eمؤلف. |
|
| 245 | 1 | 0 |
_aابن عبد ربه وعقده / _cتأليف جبرائيل سليمان جبور. |
| 250 | _aالطبعة الثانية. | ||
| 264 | 1 |
_aبيروت : _bمنشورات دار الآفاق الجديدة، _c1979 |
|
| 300 |
_a212 صفحة؛ _c24 سم |
||
| 336 |
_aنص _btxt _2rdacontent _3كتاب |
||
| 337 |
_aبدون وسيط _bn _2rdamedia |
||
| 338 |
_aمجلد _bnc _2rdacarrier |
||
| 500 | _aوهي رسالة قدمت إلى دائرة الدروس العربية في كلية العلوم والآداب بجامعة بيروت الأمريكية لنيل شهادة أستاذ في العلوم. | ||
| 504 | _aيشتمل على إرجاعات ببليوجرافية. | ||
| 600 | 1 | 7 |
_aابن عبد ربه، أحمد بن محمد بن عبد ربه، _d246-328 هجري _2aucnm |
| 650 | 7 |
_aالأدباء الأندلسيون _vتراجم _2aucsh |
|
| 650 | 7 |
_aالأدب العربي _zالأندلس _xتاريخ ونقد _2aucsh |
|
| 700 | 1 | 2 |
_aابن عبد ربه، أحمد بن محمد بن عبد ربه، _d246-328 هجري _tالعقد الفريد. |
| 740 | 2 | 2 | _aالعقد الفريد. |
| 856 |
_uhttp://dlib.nyu.edu/aco/book/nyu_aco000347/1?lang=ar _yDigital Copy _2 نرجو الانتباه لإمكانية وجود اختلاف في الطبعة أو الناشر بين البيانات على البوابة وما ستجده على الكتاب نظرا لمحدودية المعلومات المتاحة على الموقع الناشر للمادة. _3Please note that there may be a difference in the edition or publisher between the data on the portal and the book due to the limited information available on the publisher website for the material. |
||
| 856 |
_uhttp://dlib.nyu.edu/files/books/nyu_aco000347_afr05_s.jpg _yCoverImage _2 نرجو الانتباه لإمكانية وجود اختلاف في الطبعة أو الناشر بين البيانات على البوابة وما ستجده على الكتاب نظرا لمحدودية المعلومات المتاحة على الموقع الناشر للمادة. _3Please note that there may be a difference in the edition or publisher between the data on the portal and the book due to the limited information available on the publisher website for the material. |
||
| 942 |
_2ddc _cBOOK _n0 |
||
| 949 |
_aSA-JeALM _d241003 _umohamedma123 _n1 |
||
| 999 |
_c944 _d944 |
||